| 000 | 00431nam a2200145 i 4500 | ||
|---|---|---|---|
| 001 | 135472 | ||
| 003 | ES-MaACL | ||
| 007 | t| | ||
| 008 | 070718s1907 gw ||||1| spa d | ||
| 100 | 1 |
_aTorre, Fernando de la. _9110736 |
|
| 245 | 1 | 0 |
_aCancionero y obras en prosa / _cde Fernando de la Torre. |
| 260 |
_aDresden : _bHalle-Buchdruckerei des Waisenhauses, _c1907. |
||
| 300 |
_aXXX, 220 p. ; _c24 cm. |
||
| 852 |
_aES-MaACL _jB-3951 |
||
| 999 |
_c135472 _d135472 |
||